Zetech University Library - Online Catalog

Mobile: +254-705278678

Whatsapp: +254-706622557

Feedback/Complaints/Suggestions

library@zetech.ac.ke

Communicating in the 21st century / (Record no. 2258)

MARC details
000 -LEADER
fixed length control field 01426pam a22003617a 4500
001 - CONTROL NUMBER
control field 15163150
003 - CONTROL NUMBER IDENTIFIER
control field ZET-ke
005 - DATE AND TIME OF LATEST TRANSACTION
control field 20150728121111.0
008 - FIXED-LENGTH DATA ELEMENTS--GENERAL INFORMATION
fixed length control field 080131s2008 at a b 001 0 eng
010 ## - LIBRARY OF CONGRESS CONTROL NUMBER
LC control number 2008360398
020 ## - INTERNATIONAL STANDARD BOOK NUMBER
International Standard Book Number 0470803495
037 ## - SOURCE OF ACQUISITION
Source of stock number/acquisition John Wiley & Sons Australia, PO Box 1226, Milton QLD 4064
040 ## - CATALOGING SOURCE
Original cataloging agency ANL
Language of cataloging eng
Transcribing agency ZET-ke
Modifying agency ANL
-- DLC
042 ## - AUTHENTICATION CODE
Authentication code lccopycat
043 ## - GEOGRAPHIC AREA CODE
Geographic area code u-at---
050 00 - LIBRARY OF CONGRESS CALL NUMBER
Classification number HM1206
Item number .E967 2005
082 04 - DEWEY DECIMAL CLASSIFICATION NUMBER
Classification number 302.2
Edition number 22
082 04 - DEWEY DECIMAL CLASSIFICATION NUMBER
Classification number 302.20994
Edition number 22
100 1# - MAIN ENTRY--PERSONAL NAME
Personal name Eunson, Baden.
245 10 - TITLE STATEMENT
Title Communicating in the 21st century /
Statement of responsibility, etc Baden Eunson.
260 ## - PUBLICATION, DISTRIBUTION, ETC. (IMPRINT)
Place of publication, distribution, etc Milton, Qld. :
Name of publisher, distributor, etc John Wiley & Sons, Australia,
Date of publication, distribution, etc c2005.
300 ## - PHYSICAL DESCRIPTION
Extent xxiv, 680 p. :
Other physical details col. ill ;
Dimensions 26 cm.
504 ## - BIBLIOGRAPHY, ETC. NOTE
Bibliography, etc Includes bibliographical references and index.
520 ## - SUMMARY, ETC.
Summary, etc " Second edition, a comprehensive and referenced coverage in the field of communication in Australia." -- back cover.
650 #0 - SUBJECT ADDED ENTRY--TOPICAL TERM
Topical term or geographic name as entry element Communication
General subdivision Social aspects
Geographic subdivision Australia.
650 #0 - SUBJECT ADDED ENTRY--TOPICAL TERM
Topical term or geographic name as entry element Communication
General subdivision Research
Geographic subdivision Australia.
650 #0 - SUBJECT ADDED ENTRY--TOPICAL TERM
Topical term or geographic name as entry element Business communication
Geographic subdivision Australia.
650 #0 - SUBJECT ADDED ENTRY--TOPICAL TERM
Topical term or geographic name as entry element Knowledge management
Geographic subdivision Australia.
650 #0 - SUBJECT ADDED ENTRY--TOPICAL TERM
Topical term or geographic name as entry element Communication in personnel management
Geographic subdivision Australia.
906 ## - LOCAL DATA ELEMENT F, LDF (RLIN)
a 7
b cbc
c copycat
d 2
e ncip
f 20
g y-gencatlg
942 ## - ADDED ENTRY ELEMENTS (KOHA)
Source of classification or shelving scheme Library of Congress Classification
Koha item type Books
Classification part HM1206
Item part .E967 2005
Call number prefix HM1206
Call number suffix .E967 2005
Holdings
Withdrawn status Lost status Source of classification or shelving scheme Damaged status Not for loan Collection code Home library Current library Shelving location Date acquired Inventory number Total Checkouts Total Renewals Full call number Barcode Date last seen Date checked out Copy number Price effective from Koha item type
    Library of Congress Classification   Not For Loan Non-fiction Zetech Library - Ruiru Campus Zetech Library - Ruiru Campus Reference 28/07/2015 3666 1 1 HM1206.E967 2005 Z005239 07/01/2026 20/06/2019 C.1 28/07/2015 Books